<?xml version="1.0" encoding="UTF-8"?>
<record
    xmlns:xsi="http://www.w3.org/2001/XMLSchema-instance"
    xsi:schemaLocation="http://www.loc.gov/MARC21/slim http://www.loc.gov/standards/marcxml/schema/MARC21slim.xsd"
    xmlns="http://www.loc.gov/MARC21/slim">

  <leader>00849nam a22002297a 4500</leader>
  <datafield tag="999" ind1=" " ind2=" ">
    <subfield code="c">1397</subfield>
    <subfield code="d">1397</subfield>
  </datafield>
  <controlfield tag="003">OSt</controlfield>
  <controlfield tag="005">20190201135819.0</controlfield>
  <controlfield tag="008">170705b        xxu||||| |||| 00| 0 esp d</controlfield>
  <datafield tag="020" ind1=" " ind2=" ">
    <subfield code="a">978-84-9892-820-4</subfield>
  </datafield>
  <datafield tag="040" ind1=" " ind2=" ">
    <subfield code="c">RCAA</subfield>
    <subfield code="a">DO-SdBJH</subfield>
    <subfield code="b">spa</subfield>
  </datafield>
  <datafield tag="082" ind1=" " ind2=" ">
    <subfield code="a">940.53</subfield>
    <subfield code="b">M934c 2015</subfield>
  </datafield>
  <datafield tag="100" ind1=" " ind2=" ">
    <subfield code="a">Moutie, Marie </subfield>
    <subfield code="d">compilador</subfield>
  </datafield>
  <datafield tag="245" ind1=" " ind2=" ">
    <subfield code="a">Cartas de la Wehrmacht : </subfield>
    <subfield code="b">la segunda guerra mundial contada por los soldados /</subfield>
    <subfield code="c">Marie Moutier  ; Castellana Lara Cort&#xE9;s ; Timothy Snyder</subfield>
  </datafield>
  <datafield tag="260" ind1=" " ind2=" ">
    <subfield code="a">Barcelona : </subfield>
    <subfield code="b">Editora Planeta,</subfield>
    <subfield code="c"> 2015.</subfield>
  </datafield>
  <datafield tag="300" ind1=" " ind2=" ">
    <subfield code="a">352 p&#xE1;ginas.</subfield>
  </datafield>
  <datafield tag="504" ind1=" " ind2=" ">
    <subfield code="a">Incluye referencias bibliogr&#xE1;ficas e indice</subfield>
  </datafield>
  <datafield tag="650" ind1=" " ind2=" ">
    <subfield code="a">Guerra mundial II, 1939-1945 -- Relatos personales</subfield>
  </datafield>
  <datafield tag="650" ind1=" " ind2=" ">
    <subfield code="a">Soldados -- Alemania -- Correspondencia</subfield>
  </datafield>
  <datafield tag="700" ind1=" " ind2=" ">
    <subfield code="a">Lara Cort&#xE9;s, Castellana </subfield>
    <subfield code="e">traductor   </subfield>
  </datafield>
  <datafield tag="700" ind1=" " ind2=" ">
    <subfield code="a">Snyder, Timothy </subfield>
    <subfield code="e">pr&#xF3;logo</subfield>
  </datafield>
  <datafield tag="942" ind1=" " ind2=" ">
    <subfield code="2">ddc</subfield>
    <subfield code="c">BK</subfield>
    <subfield code="z">3</subfield>
  </datafield>
  <datafield tag="952" ind1=" " ind2=" ">
    <subfield code="0">0</subfield>
    <subfield code="1">0</subfield>
    <subfield code="2">ddc</subfield>
    <subfield code="4">0</subfield>
    <subfield code="7">0</subfield>
    <subfield code="8">CG</subfield>
    <subfield code="a">BJHA</subfield>
    <subfield code="b">BJHA</subfield>
    <subfield code="c">GEN</subfield>
    <subfield code="d">2017-07-05</subfield>
    <subfield code="i">16-00753</subfield>
    <subfield code="l">0</subfield>
    <subfield code="o">940.3 M934c 2015</subfield>
    <subfield code="p">16-00753</subfield>
    <subfield code="r">2018-10-06 00:00:00</subfield>
    <subfield code="t">Ej.1</subfield>
    <subfield code="w">2017-07-05</subfield>
    <subfield code="y">BK</subfield>
  </datafield>
</record>
